Greatest Cavaliers NBA Players - Statistics

General Stats
  • This quiz has been taken 192 times
    25 since last reset
  • The average score is 10 of 16
Answer Stats
Picture Answer % Correct
Donovan Mitchell
100%
Kevin Love
100%
Kyrie Irving
100%
LeBron James
100%
J.R. Smith
92%
Darius Garland
83%
Tristan Thompson
71%
Evan Mobley
67%
Mark Price
63%
Larry Nance
58%
Zydrunas Ilgauskas
58%
Brad Daugherty
50%
Mo Williams
38%
Austin Carr
17%
Hot Rod Williams
17%
Bingo Smith
13%
No matching quizzes found
Score Distribution
Percent of People with Each Score
Percentile by Number Answered
Your Score History
You have not taken this quiz since the last reset